00776cam a2200229 a 450000100100000000500170001000800410002702000150006804000230008308200180010610000270012424500480015126000340019930000210023349000270025465000280028165000310030983000360034091000340037695201210041099900150053100000862020200929161356.0890425s1988 sp 000 0 spa  z947223763X aDO-SdBNPcDLCdDLC a863.64bP371j1 aPedraza, Pilar.92172214aLas joyas de la serpiente /cPilar Pedraza. aBarcelona :bTusquets,c1988. a254 p. ;c21 cm.1 aLa Flauta Mágicav13 4aNovela española91123 4aLiteratura española9632 0aLa Flauta Mágica ;v13923054 aCatalogación por copia / LC 001052708MOaGRbGRcCTd2009-09-17iLF1l0o863.64 P371jp8620-10r2020-06-25w2020-06-25y2ZPréstamo interno c8390d8390